Вып. 22 : Страницы истории Московской геологической школы: [деятельность Геологического института АН СССР]; Очерки по истории геологических знаний

Bibliografiska uppgifter
Parent link:Очерки по истории геологических знаний/ Академия наук СССР (АН СССР), Геологический институт (ГИН) ; под ред. В. В. Тихомирова. Вып. 22 : Страницы истории Московской геологической школы.— , 1953-1991
Institutionell upphovsman: Академия наук СССР (АН СССР) Комиссия по истории геологических знаний и геологической изученности СССР
Språk:ryska
Publicerad: Москва, Наука, 1985
Ämnen:
Materialtyp: Bok
KOHA link:https://koha.lib.tpu.ru/cgi-bin/koha/opac-detail.pl?biblionumber=286322

MARC

LEADER 00000nam2a2200000 4500
001 286322
005 20231101235900.0
035 |a (RuTPU)RU\TPU\book\310628 
090 |a 286322 
100 |a 20150304d1985 m y0rusy5003 ca 
101 0 |a rus 
102 |a RU 
105 |a a z 001zy 
200 0 |a Вып. 22 : Страницы истории Московской геологической школы  |e [деятельность Геологического института АН СССР] 
210 |a Москва  |c Наука  |d 1985 
215 |a 183 с.  |c ил. 
320 |a Библиогр. в конце ст. 
461 1 |0 (RuTPU)RU\TPU\book\159131  |t Очерки по истории геологических знаний  |f Академия наук СССР (АН СССР), Геологический институт (ГИН) ; под ред. В. В. Тихомирова  |v Вып. 22 : Страницы истории Московской геологической школы  |d 1953-1991 
606 1 |a Геология  |y СССР  |2 stltpush  |3 (RuTPU)RU\TPU\subj\6121  |9 34079 
610 1 |a история 
610 1 |a геологические школы 
610 1 |a геологические знания 
610 1 |a очерки 
675 |a 55(47+57)(09)  |v 4 
712 0 2 |a Академия наук СССР (АН СССР)  |b Комиссия по истории геологических знаний и геологической изученности СССР  |2 stltpush  |3 (RuTPU)RU\TPU\col\722 
801 0 |a RU  |b RuMRKP  |c 19950417  |g psbo 
801 1 |a RU  |b 63413507  |c 20150304 
801 2 |a RU  |b 63413507  |c 20180222  |g RCR 
942 |c BK